LEADER 00961nam0-22003131i-450- 001 990000763410403321 005 20160617094505.0 035 $a000076341 035 $aFED01000076341 035 $a(Aleph)000076341FED01 035 $a000076341 100 $a20020821d1910----km-y0itay50------ba 101 0 $afre 102 $aFR 105 $aadf-----001yy 200 1 $a<>art roman en France$el'architecture et la dècoration Denxième 205 $aDeuxième série 210 $aParis$cLibraire centrale d'art et d'architecture ; ancienne maison Morel, Ch. Eggimann successeurs.d.$d©1910 215 $a11 p., 80 c. di tav.$cill.$d53 cm 610 0 $aArte romanica - Francia 676 $a709.44$v22$zita 700 1$aMartini,$bCamille$0343652 801 0$aIT$bUNINA$gRICA$2UNIMARC 901 $aBK 912 $a990000763410403321 952 $aGRANDI A 7$b1323$fFARBC 959 $aFARBC 996 $aArt roman en France$9321127 997 $aUNINA LEADER 02511oam 2200493 450 001 9910790553503321 005 20190911103519.0 010 $a1-57387-732-8 035 $a(OCoLC)858861895 035 $a(MiFhGG)GVRL8RQW 035 $a(EXLCZ)992550000001117955 100 $a20130819h20132013 uy 0 101 0 $aeng 135 $aurun|---uuuua 181 $ctxt 182 $cc 183 $acr 200 10$aCareer Q&A $ea librarian's real-life, practical guide to managing a successful career /$fSusanne Markgren and Tiffany Eatman Allen 210 1$aMedford, New Jersey :$cInformation Today, Inc.,$d[2013] 210 4$d?2013 215 $a1 online resource (xx, 218 pages) 225 0 $aGale eBooks 300 $aDescription based upon print version of record. 311 $a1-57387-479-5 311 $a1-299-87050-3 320 $aIncludes bibliographical references and index. 327 $aThe beginning : getting started or getting going -- Making a good first impression : the art of the cover letter -- Documenting your employment history : the art of the resume -- Online identities : managing your online presence and building your brand -- Interviewing : getting ready for the show -- Networking : getting involved in the profession -- From here to there : time for a change -- Putting yourself out there : presenting and writing -- Job flexibility : possibility or myth? -- Alternative jobs : the nontraditional career path -- Moving up the ladder : stepping into management -- Keeping up : following technology and trends -- Collaboration : forming productive partnerships -- Retirement : wrapping up your career and planning for the next stage. 330 $aThis book examines events, transitions, struggles, and advances that encompass and define a librarian's career, answering a range of important questions library professionals face as they move through the various stages of their working lives. 517 3 $aCareer questions and answers 606 $aLibrary science$xVocational guidance 606 $aLibrarians$xEmployment 606 $aCareer development 615 0$aLibrary science$xVocational guidance. 615 0$aLibrarians$xEmployment. 615 0$aCareer development. 676 $a020.23 700 $aMarkgren$b Susanne$f1971-$01570862 702 $aAllen$b Tiffany Eatman$f1972- 801 0$bMiFhGG 801 1$bMiFhGG 906 $aBOOK 912 $a9910790553503321 996 $aCareer Q&A$93844804 997 $aUNINA